Los Jardines: Paisajistas jardineros poetas. Siglos XVIII-XX

Guardat en:
Dades bibliogràfiques
Autor principal: Baridon, Michel (Autor)
Format: Llibre
Idioma:espanyol
Publicat: Madrid Abada 2008
Col·lecció:Historia del Arte y de la Arquitectura
Matèries:
Etiquetes: Afegir etiqueta
Sense etiquetes, Sigues el primer a etiquetar aquest registre!

MARC

LEADER 00000nam a2200000 a 4500
001 UCH4496
003 CL-VaPUC
008 090820e20080000SP |||||||||||||||||spa|d
020 |a 9788496775367 
082 0 4 |a 712  |b BAR  |2 21 
100 0 |a Baridon, Michel  |e author  |9 540012 
245 1 4 |a Los Jardines: Paisajistas jardineros poetas. Siglos XVIII-XX 
300 |a 654 p 
942 |c BK 
945 |d 20090820 00:00:00  |a dcastane 
260 |a Madrid  |b Abada  |c 2008 
650 0 |a Arquitectura paisajista  |9 333492 
650 0 |a Jardines  |9 268264 
650 7 |a HISTORIA DE LOS JARDINES  |2 CL-VaPUC  |9 540013 
583 |a last modification  |c 20090820 00:00:00  |k Rodrigo Vera 
490 0 |a Historia del Arte y de la Arquitectura 
999 |c 335787  |d 335785 
952 |0 0  |1 0  |4 0  |6 712_000000000000000_BAR_2008  |7 0  |8 A  |9 426506  |a BIBARQ  |b BIBARQ  |d 2019-11-22  |i 4588827  |o 712 BAR 2008  |p 4588827  |r 2025-01-20  |w 2019-11-22  |y BK  |k ARQ